| 000 | 00938nam a2200217Ia 4500 | ||
|---|---|---|---|
| 001 | 21494 | ||
| 003 | GE_BSU | ||
| 008 | 181216s||||||||xx |||||||||||||| ||und|| | ||
| 040 | _cGE_BSU | ||
| 080 | _aპერიოდიკა | ||
| 245 | _aსაპატრიარქოს უწყებანი 16-21 ნოემბერი. №34(864) 2017. | ||
| 245 | _bპატრიარქის ქადაგება,ქრონიკა, ინფორმაცია და სხვა. | ||
| 245 | _cრედ:დეკანოზი დავით შარაშენიძე და სხვა. | ||
| 260 | _aთბილისი | ||
| 260 | _c2017 | ||
| 300 | _a20გვ. 29სმ. ილ. | ||
| 653 | _aპერიოდიკა | ||
| 653 | _aრელიგია | ||
| 653 | _aსაპატრიარქოს უწყებანი 16-21 ნოემბერი. №34(864) 2017. | ||
| 942 | _cCR | ||
| 999 |
_c54438 _d54438 |
||